000
00294nam a22001217a 4500
999
_c
4308
_d
4308
008
250206b ||||| |||| 00| 0 eng d
020
_a
9780141370217
082
_a
823.914
100
_a
SMITH,DICK KING
_e
AUTHOR
245
_a
THE SHEEP PIG
260
_a
GREAT BRITAIN
_b
PUFFIN BOOKS
942
_2
ddc